IDEB: napriek kríze nestratil dych

Bibliographic Details
Main Author: Vitko, Pavol, 1964- (Author)
Format: Article
Language:Slovak
PhysicalDescription:Fotogr.
ISSN:1336-1910
Subjects:
Online Access:http://www.mod.gov.sk/data/disk/casopis/Obrana_06_2012.pdf

MARC

LEADER 00000nab a2200000 a 4500
001 vtls010432555
003 SK-MaSNL
005 20260426091718.0
008 250708|2012 xo m||p | 000 0|slo
015 |a SNBRB2012/06  |2 lmaosk 
035 |a urn:nbn:sk:snk-ab83j6 
035 |a (urnnbn)urn:nbn:sk:snk:ar-0067p3 
035 |a (uuid)54b97498-ec32-4c19-a2b6-b629db14bfd2 
040 |a SNKBUCL  |b slo  |c SNKBUCL  |e AACR2 
041 0 |a slo 
044 |a xo  |c SK 
080 |a 623  |2 1981 
080 |a 061.43  |2 1981 
100 1 |a Vitko, Pavol,  |d 1964-  |4 aut  |9 219103 
245 1 0 |a IDEB: napriek kríze nestratil dych  |c Pavol Vitko 
300 |b Fotogr. 
611 2 7 |a International Defence Exhibition Bratislava  |d (2012 :  |c Bratislava, Slovensko)  |2 lmaosk  |9 259182 
650 0 7 |a vojenská technika  |2 SNKPH  |9 29297 
650 0 7 |a výstavy  |2 SNKPH  |9 2780 
650 0 7 |a medzinárodné veľtrhy  |2 lmaosk  |9 1037441 
650 0 7 |a obchodné kontakty  |2 lmaosk  |9 1054552 
651 7 |a Bratislava (Slovensko)  |2 SNKPHgeo  |9 14568 
773 0 |t Obrana  |g Roč. XX, č. 6 (2012), s. 11-12  |x 1336-1910 
850 |a Slovenská národná knižnica 
852 |a Slovenská národná knižnica 
856 4 1 |u http://www.mod.gov.sk/data/disk/casopis/Obrana_06_2012.pdf 
954 |a odborná, vedecká literatúra pôvodná (slovenská)  |2 lita 
958 |a article9 
958 |a SK 
958 |a OND 
958 |a EUIPO 
999 |c 3034308  |d 3036238